Mitos y leyendas de los mundiales /

Se presentan algunas anécdotas, algunas memorables otras terribles, que se presentaron en cada uno de los Mundiales de Futbol, hasta Rusia 2018. Las anécdotas están ilustradas con el estilo y humor característico del historietista Alberto Montt.

محفوظ في:
التفاصيل البيبلوغرافية
المؤلف الرئيسي: Montt, Alberto (autor)
مؤلفون آخرون: Varsky, Alejandro (autor) (autor)
التنسيق: كتاب
اللغة:الإسبانية
منشور في: México : Planeta, 2022, c2022
الموضوعات:
الوسوم: إضافة وسم
لا توجد وسوم, كن أول من يضع وسما على هذه التسجيلة!

MARC

LEADER 00000nam^a2200000^a^4500
001 000627527
005 20260203000000.0
009 20260310134056.471
020 |a 978-607-07-9360-8 
037 |a Acervo ITESO - Biblioteca 
041 |a ESP 
082 |a 796. 334668  |b MON 
100 |a Montt, Alberto  |e (autor) 
245 1 0 |a Mitos y leyendas de los mundiales /  |c A. Montt, A. Varsky. 
264 4 |a México :  |b Planeta,  |c 2022, c2022 
300 |a 131 p. 
336 |a texto  |b txt  |2 rdacontenido 
337 |a sin mediación  |b n  |2 rdamedio 
338 |a volumen  |b nc  |2 rdasoporte 
520 |a Se presentan algunas anécdotas, algunas memorables otras terribles, que se presentaron en cada uno de los Mundiales de Futbol, hasta Rusia 2018. Las anécdotas están ilustradas con el estilo y humor característico del historietista Alberto Montt. 
521 |a FIL 2025 DIA 
545 0 |a Alberto José Montt Moscoso (Quito, 1972), diseñador gráfico, artista plástico e ilustrador chileno, conocido sobre todo por esta última actividad, a través de su blog Dosis diarias, del que ha publicado una compilación. Además de éste, algunos de sus libros son: Para ver y no creer; ¡Mecachendié! y El código de la amistad de Chivas Regal. Con una gran capacidad de síntesis, sus dibujos e historias pueden crear un universo a partir de una o dos frases; su humor es ácido y reflexivo. 
649 |a XX 
650 |a Historietas y Caricaturas Chilenas 
650 |a Mundial de Futbol -  |x Anecdotas y Chistes -  |x Tema Principal 
650 |a Mundial de Futbol -  |x Historia -  |x Tema Principal 
650 |a Futbol -  |x Historia 
650 |a Deportes Profesionales -  |x Historia 
650 |a Deportes -  |x Historia 
700 |a Varsky, Alejandro  |e (autor) 
910 |a Fondo General 
920 |a Impresos - Libros 
930 |a Colección General 
905 |a 101 
901 |a 627527-10  |b IT1  |c ACC  |i C191774  |u 20260203 
902 |a https://opac.biblio.iteso.mx/vufind/Record/000627527